|
|
|
|
| LEADER |
00000nab a2200000 a 4500 |
| 001 |
vtls001513835 |
| 003 |
SK-MaSNL |
| 005 |
20260303214654.0 |
| 008 |
140302s2004 xo 000 0 slo |
| 035 |
|
|
|a SPKCL16162
|
| 040 |
|
|
|a SPKCL
|b slo
|c SNKBUCL
|d SPK(MH)
|e AACR2
|
| 041 |
|
|
|a slo
|
| 044 |
|
|
|a xo
|c SK
|
| 080 |
|
|
|a 376.2:379.8:316.4.063.3:374
|2 1981
|
| 100 |
1 |
|
|a Wagnerová, Katarína
|4 aut
|9 1249923
|
| 245 |
1 |
0 |
|a Aj my patríme do Európy
|c Katarína Wagnerová
|
| 520 |
|
|
|a Základná škola na Prostějovskej ulici v Prešove, ktorá integruje medzi zdravú populáciu telesne postihnuté deti. Popis starostlivosti primeranej potrebám týchto detí. Úlohy nadácie pre deti Slovenska a realizácia projektu - klubovej činnosti pre deti so zdravotným postihnutím - vďaka finančnej podpore získanej z tejto nadácie. Seminár o integrácii uskutočnený v spomínanej škole.
|
| 650 |
0 |
7 |
|a voľný čas
|2 snkbucl
|9 3355
|
| 650 |
0 |
7 |
|a základné školy
|2 snkbucl
|9 1280
|
| 650 |
0 |
7 |
|a integrácia
|2 SNKPH
|9 24105
|
| 650 |
0 |
7 |
|a žiaci
|2 snkbucl
|9 16621
|
| 650 |
0 |
7 |
|a telesne postihnutí
|2 snkbucl
|9 30009
|
| 651 |
|
7 |
|a Prešov (Slovensko)
|2 snkbucl
|9 17347
|
| 773 |
1 |
|
|t Učiteľské noviny
|g Roč. 54, č. 15 (2004) s. 7
|
| 850 |
|
|
|a Slovenská pedagogická knižnica Bratislava
|
| 852 |
|
|
|a SPKCL
|b KIS3GCP
|b 000710000
|n SK
|
| 999 |
|
|
|c 2218213
|d 2220143
|